00871 2200313 4500001002100000005001500021035002000036007000300056040001700059100002200076245007300098250001000171300004500181020001900226041000800245082000800253084001400261090001900275264004100294336002100335337003000356338002300386500002300409650001500432700003700447850001000484008004100494990002200535INLIS00000000000618120260418042519 a0010-0322000425ta aSBPUPADbind0 aIhromiePengarang1 aMasyarakat dan Hukum Adat Batak Toba /cIhromi, Editor Fuad Mustafid aCet.1 axxxvi. 642 hal. :bilus. ;c14,5 x 21 cm a979--3381-42-60 aind a340 a340 VER m a340 VER m 11-1 aYogyakarta :bLKis Yogyakarta,c2004 2rdacontentaTeks 2rdamediaaTanpa Perantara 2rdacarrieravolume aindeks,hlm 627-637 4aHukum Adat aEditor, Fuad MustafidePengarang aPUPAD260418 0  a30.056/B/DPK/2018